000 00312nam a2200133Ia 4500
008 150301s2015 xx 000 0 und d
082 _a615.19
_bQ07W
100 _aWHO
245 _aQUALITY ASSURANCE OF PHARMACEUTICAL
260 _bAITBS DELHI
300 _a258
650 _aPHARMACEUTICS
942 _2ddc
_cBK
_03
999 _c7282
_d7282